000 00331nam a2200133Ia 4500
008 210312s9999||||xx |||||||||||||| ||und||
041 _aosm
050 _aPL248
050 _bG877.B46
100 _aGürpınar, Hüseyin Rahmi
245 0 _aBen deli miyim?
260 _c1925
650 _aEdebiyat--Türk edebiyatı--Roman ve hikaye
999 _c22065
_d22065